00330nam a22001337a 4500003000400000008004100004020001800045082001500063100001700078245005400095250001100149260002800160300000800188OSt240507b |||||||| |||| 00| 0 eng d a9788126519934 a006.33 GOA aGOEL, Lavika aArtificial Intelligence: Concept and Applications a1st Ed aNew Delhib Wileyc2024 a819